| 000 | 00552 a2200193 4500 | ||
|---|---|---|---|
| 020 | _a0880228121 | ||
| 040 |
_aDLC _bDLC |
||
| 082 | 0 | 0 | _a005.26/2 |
| 100 | 1 | _aPerry, Greg M. | |
| 245 | 1 | 0 |
_aTurbo C++ by example _cGreg Perry & Marcus Johnson. |
| 260 |
_aCarmel, IN : _bQue, _cc1992. |
||
| 300 |
_axx, 825 p. : _bill. ; _c24 cm. |
||
| 490 | 1 | _aProgramming series | |
| 500 | _aIncludes index. | ||
| 650 | 0 | _aC++ (Computer program language) | |
| 700 | 1 | _aJohnson, Marcus. | |
| 830 | 0 | _aProgramming series (Carmel, Ind.) | |
| 942 |
_cBK _k005.133 RER _2ddc |
||
| 999 |
_c6038 _d6038 |
||